000
00318nam a22001337a 4500
008
181001b xxu||||| |||| 00| 0 eng d
020
_a
9780205504404
041
_a
eng
080
_2
7 ED
_a
316
100
_a
50
101
_a
SOC
245
_a
Sociology A Down To Earth Apprroach
_c
Henslin.J .M
942
_2
udc
_c
BK
999
_c
48712
_d
48712